000 00628nam a22002417a 4500
003 UA-OsUOA
001 124568
007 ta
008 20170811b un ||||| |||| 00| 0 ukr d
100 _aЩербак Ю.
090 _a821.161.1
_bЩ61
942 _cBK
040 _aUA-OsUOA
_brus
_cUA-OsUOA
_dUA-OsUOA
245 _aФрески, письма и фотографии
_bстихи
300 _a96 с.
955 _a3
041 _arus
080 _a821.161.1
020 _a5-265-02042-Х
260 _aМ.
_c1991
650 7 _a82 Література. Літературознавство
_2UDC
999 _c411695
_d411695